000 00240nam a2200097Ia 4500
001 768167
005 20250826165413.0
008 250824s9999 xx 000 0 und d
245 0 _aŞİİRLER
_cAHMET MUHİP DIRANAS
260 _bKYRHOS YAYINLARI
999 _c768167
_d768167